000 00596nam a2200217Ia 4500
008 101110s9999 xx 000 0 und d
041 _aENGLISH
082 _bJR6334
100 _aMaharashtra state board of secondary & higher sec.education, Pune
245 _aMathenatics & statistics XII Part - II
260 _c2010
300 _a189
365 _b74
520 _amathematics
546 _aENGLISH
630 _aMathenatics & statistics XII Part - II
650 _amathematics
655 _amathematics
730 _aMathenatics & statistics XII Part - II
942 _cBOOK
999 _c797127
_d797124